000 00293nam a2200109Ia 4500
008 171211s9999 xx 000 0 und d
245 _aEJB 3.1 Cookbook
245 _cRichard M. Reese
260 _c2011
650 _xIT eBOOKS
856 _uhttp://down.ebook777.com/020/EJB%203.1%20Cookbook.pdf
999 _c349804
_d349804